Statistiques concernant Vocabulaire Anglais - Vacances

Cliquez ici pour prendre le quiz!

Statistiques générales

  • Ce quiz a été pris 209 fois
  • Le résultat moyen est 9 sur 18

Statistiques - réponses

MotTraduction% Correct
A tripUn voyage
89%
ParasolParasol
87%
LuggageBagage / Valise
76%
CruiseCroisière
69%
To rentLouer
69%
To bookRéserver
66%
To landAtterrir
64%
SunbathBain de soleil
64%
To partyFaire la fete
52%
To tanBronzer
47%
Delayed (flight)Retardé
46%
To take offDécoller
45%
HangoverGueule de bois
33%
To check-inS'enregistrer
33%
A stayUn séjour
31%
ATMDistributeur
30%
DepositCaution
17%
Annual leaveCongés annuels
16%

Distribution des résultats

Percentile par nombre de réponses

% des personnes avec chaque résultat

Votre développement - résultats

Vous n’avez pas pris ce quiz